| 000 | 01207nam a22003017a 4500 | ||
|---|---|---|---|
| 003 | dpl | ||
| 005 | 20120719120014.0 | ||
| 006 | a|||||r|||||00| 0 | ||
| 007 | DVD | ||
| 008 | 050907s2005 cau105 g 00| 0 eng d | ||
| 010 | _aDVD-008188 | ||
| 024 | _c150.00 | ||
| 035 | _aDVD-008188 | ||
| 040 |
_aDPL _cDPL |
||
| 092 | _aDVD / pani | ||
| 245 |
_aPani Re Pani _h[videorecording] DVD / _cChildren Film Society, India _bby Sal Paranjpye |
||
| 260 | _bChildren Film Society, India | ||
| 270 |
_aFilms Divison Complex, 24, Dr. G Deshmukh Marg _bMumbai |
||
| 300 |
_a1 videodisc DVD; (10 Min.) _bsd., col. ; _c4-3/4 in. _fDVD |
||
| 306 | _a10 Min. | ||
| 500 | _aThis is a documentary video film which teaches and advocates the significance of water conservation. | ||
| 538 | _aHindi | ||
| 650 |
_aMotion Picture _950274 |
||
| 700 |
_aSal Paranjpye _950287 |
||
| 942 |
_cCF _2ddc _hDVD _mPANI |
||
| 999 |
_c68473 _d68473 |
||